| 000 | 04910cam a22007217a 4500 | ||
|---|---|---|---|
| 003 | CHAP | ||
| 005 | 20220817043854.0 | ||
| 008 | 021129d2002 mx bd rs o00110 spa d | ||
| 010 | _a86707 | ||
| 011 | _a87679 | ||
| 020 | _a9701339940 | ||
| 035 | _a98223 | ||
| 040 | _cCHAP | ||
| 082 | 0 | 4 |
_a338.972 _bI59 2001 Gro. |
| 110 | 2 |
_aInstituto Nacional de Estadística, Geografía e Informática. México _959304 |
|
| 245 | 1 | 0 |
_aCuaderno estadístico municipal 2001 : _bGuerrero _c/por Instituto Nacional de Estadística, Geografía e Informática |
| 260 |
_aAguascalientes, Ags. : _bInstituto Nacional de Estadística, Geografía e Informática, _c2002- |
||
| 300 |
_av. : _bgráfs. ; mapas ; cuadros |
||
| 500 | _aLa biblioteca tiene : v.1 Ahuacuotzingo -- v.2 Ajuchitlán del Progreso -- v.3 Atenango del Río -- v.4 Atoyac de Álvarez -- v.5 Ayutla de los Libres -- v.6 Azoyú -- v.7 Buenavista de Cuéllar -- v.8 Coyuca de Benítez -- v.9 Coyuca de Catalán -- v.10 Cuajinicuilapa -- v.11 Chilapa de Álvarez -- v.12 Chilpancingo de los Bravo -- v.13 Eduardo Neri -- v.14 Florencio Villarreal -- v.15 Huitzuco de los Figueroa -- v.16 Iguala de la Independencia -- v.17 José Azueta -- v.18 Leonardo Bravo -- v.19 Pedro Ascencio Alquisiras -- v.20 Petatlán -- v.21 Pungarabato -- v.22 Quechultenango -- v.23 San Luis Acatlán -- v.24 San Marcos -- v.25 San Miguel Totolapan -- v.26 Taxco de Alarcón -- v.27 Tecoanapa -- v.28 Tepecoacuilco de Trujano -- v.29 Tlapa de Comonfort | ||
| 590 |
_aBATCH-UPD _b10 _c20130110 _lUCH01 _h0015 |
||
| 590 |
_aBATCH-UPD _b10 _c20130110 _lUCH01 _h1505 |
||
| 590 |
_aBATCH-UPD _b10 _c20130410 _lUCH01 _h0924 |
||
| 590 |
_aBATCH-UPD _b10 _c20130914 _lUCH01 _h1503 |
||
| 590 |
_aCONVERSION _b10 _c20130109 _lUCH01 _h1348 |
||
| 650 | 1 | 4 |
_aAgricultura _xEstadisticas _zGuerrero. _91453 |
| 650 | 1 | 4 |
_aGanadería _xEstadísticas _zGuerrero. _944712 |
| 650 | 1 | 4 |
_aGuerrero _xCondiciones económicas. |
| 650 | 1 | 4 |
_aGuerrero _xCondiciones sociales. _951181 |
| 650 | 1 | 4 |
_aGuerrero _xEstadísticas. _951184 |
| 650 | 1 | 4 |
_aMéxico _xMunicipios. _976781 |
| 901 | _aBK | ||
| 905 | _aMarco A. Mendoza T. | ||
| 942 | _cLIBRO | ||
| 949 |
_a338.972 I59 2001 Gro. _bBC _cINEGI _d33724000886156 _eINEGI _fv.1 _h103422 _i98223 _sb |
||
| 949 |
_a338.972 I59 2001 Gro. _bBC _cINEGI _d33724000886164 _eINEGI _fv.2 _h103423 _i98223 _sb |
||
| 949 |
_a338.972 I59 2001 Gro. _bBC _cINEGI _d33724000886172 _eINEGI _fv.3 _h103424 _i98223 _sb |
||
| 949 |
_a338.972 I59 2001 Gro. _bBC _cINEGI _d33724000886180 _eINEGI _fv.4 _h103425 _i98223 _sb |
||
| 949 |
_a338.972 I59 2001 Gro. _bBC _cINEGI _d33724000886198 _eINEGI _fv.5 _h103426 _i98223 _sb |
||
| 949 |
_a338.972 I59 2001 Gro. _bBC _cINEGI _d33724000886206 _eINEGI _fv.6 _h103427 _i98223 _sb |
||
| 949 |
_a338.972 I59 2001 Gro. _bBC _cINEGI _d33724000886214 _eINEGI _fv.7 _h103428 _i98223 _sb |
||
| 949 |
_a338.972 I59 2001 Gro. _bBC _cINEGI _d33724000886222 _eINEGI _fv.8 _h103429 _i98223 _sb |
||
| 949 |
_a338.972 I59 2001 Gro. _bBC _cINEGI _d33724000886230 _eINEGI _fv.10 _h103431 _i98223 _sb |
||
| 949 |
_a338.972 I59 2001 Gro. _bBC _cINEGI _d33724000886248 _eINEGI _fv.9 _h103430 _i98223 _sb |
||
| 949 |
_a338.972 I59 2001 Gro. _bBC _cINEGI _d33724000886255 _eINEGI _fv.11 _h103432 _i98223 _sb |
||
| 949 |
_a338.972 I59 2001 Gro. _bBC _cINEGI _d33724000886263 _eINEGI _fv.12 _h103433 _i98223 _sb |
||
| 949 |
_a338.972 I59 2001 Gro. _bBC _cINEGI _d33724000886271 _eINEGI _fv.13 _h103434 _i98223 _sb |
||
| 949 |
_a338.972 I59 2001 Gro. _bBC _cINEGI _d33724000886289 _eINEGI _fv.14 _h103435 _i98223 _sb |
||
| 949 |
_a338.972 I59 2001 Gro. _bBC _cINEGI _d33724000886297 _eINEGI _fv.15 _h103436 _i98223 _sb |
||
| 949 |
_a338.972 I59 2001 Gro. _bBC _cINEGI _d33724000886305 _eINEGI _fv.16 _h103437 _i98223 _sb |
||
| 949 |
_a338.972 I59 2001 Gro. _bBC _cINEGI _d33724000886313 _eINEGI _fv.17 _h103438 _i98223 _sb |
||
| 949 |
_a338.972 I59 2001 Gro. _bBC _cINEGI _d33724000886321 _eINEGI _fv.18 _h103439 _i98223 _sb |
||
| 949 |
_a338.972 I59 2001 Gro. _bBC _cINEGI _d33724000886339 _eINEGI _fv.19 _h103440 _i98223 _sb |
||
| 949 |
_a338.972 I59 2001 Gro. _bBC _cINEGI _d33724000886347 _eINEGI _fv.20 _h103441 _i98223 _sb |
||
| 949 |
_a338.972 I59 2001 Gro. _bBC _cINEGI _d33724000886354 _eINEGI _fv.21 _h103442 _i98223 _sb |
||
| 949 |
_a338.972 I59 2001 Gro. _bBC _cINEGI _d33724000886362 _eINEGI _fv.22 _h103443 _i98223 _sb |
||
| 949 |
_a338.972 I59 2001 Gro. _bBC _cINEGI _d33724000886370 _eINEGI _fv.23 _h103444 _i98223 _sb |
||
| 949 |
_a338.972 I59 2001 Gro. _bBC _cINEGI _d33724000886388 _eINEGI _fv.24 _h103445 _i98223 _sb |
||
| 949 |
_a338.972 I59 2001 Gro. _bBC _cINEGI _d33724000886396 _eINEGI _fv.25 _h103446 _i98223 _sb |
||
| 949 |
_a338.972 I59 2001 Gro. _bBC _cINEGI _d33724000886404 _eINEGI _fv.26 _h103447 _i98223 _sb |
||
| 949 |
_a338.972 I59 2001 Gro. _bBC _cINEGI _d33724000886412 _eINEGI _fv.27 _h103448 _i98223 _sb |
||
| 949 |
_a338.972 I59 2001 Gro. _bBC _cINEGI _d33724000886420 _eINEGI _fv.28 _h103449 _i98223 _sb |
||
| 949 |
_a338.972 I59 2001 Gro. _bBC _cINEGI _d33724000886438 _eINEGI _fv.29 _h103450 _i98223 _sb |
||
| 999 |
_c86707 _d86707 |
||